[Event "LYM - Maîtres vs Espoirs"]
[Site "Lausanne - Casino de Montbenon"]
[Date "2005.09.17"]
[Round "6"]
[White "Pinol, Fabrice"]
[Black "Raetsky, Alexander"]
[Result "0-1"]
[WhiteElo "2257"]
[BlackElo "2453"]
[PlyCount "84"]
[EventDate "2005.09.14"]
[SourceDate "2005.09.14"]

1. e4 e5 2. Nf3 Nf6 3. Nxe5 d6 4. Nf3 Nxe4 5. d4 d5 6. Bd3 Bd6 7. O-O O-O 8. c4
c6 9. cxd5 cxd5 10. Nc3 Nxc3 11. bxc3 Bg4 12. Rb1 Nd7 13. h3 Bh5 14. Rxb7 Nb6
15. Qc2 Bxf3 16. Bxh7+ Kh8 17. gxf3 Qh4 18. Bf5 g6 19. Bg4 f5 20. f4 Rae8 21.
Bf3 g5 22. Bg2 gxf4 23. Qd3 Rg8 24. Kh1 Re6 25. Qf3 Reg6 26. Rg1 Nc4 27. Rxa7
Ne3 28. Bxe3 fxe3 29. Qxe3 Qh5 30. f4 Rg3 31. Qd2 Qh4 32. Rf1 Rxg2 33. Qxg2
Rxg2 34. Kxg2 Bxf4 35. Rf3 Qg5+ 36. Kf2 Bh2 37. h4 Qg1+ 38. Ke2 Qg2+ 39. Rf2
Qe4+ 40. Kd1 Qb1+ 41. Ke2 Qc2+ 42. Kf1 Qd1+ 0-1

[Event "LYM - Maîtres vs Espoirs"]
[Site "Lausanne - Casino de Montbenon"]
[Date "2005.09.17"]
[Round "6"]
[White "Vuilleumier, Alexandre"]
[Black "Seps, Monika"]
[Result "1/2-1/2"]
[WhiteElo "2307"]
[BlackElo "2173"]
[PlyCount "102"]
[EventDate "2005.09.14"]
[SourceDate "2005.09.14"]

1. Nf3 c5 2. c4 Nc6 3. g3 g6 4. Bg2 Bg7 5. O-O e5 6. Nc3 d6 7. d3 Nge7 8. Rb1
Be6 9. a3 a5 10. Ne1 d5 11. cxd5 Nxd5 12. Nc2 O-O 13. Ne3 Nde7 14. Ne4 b6 15.
Ng5 Bc8 16. Nc4 h6 17. Nf3 Be6 18. Bd2 e4 19. Ne1 exd3 20. exd3 Ra7 21. Bc3 $11
Nd4 22. Nf3 Rd7 23. Nfe5 Bxc4 24. Nxc4 Nec6 25. Re1 Qc7 26. Rc1 Rfd8 27. b4
axb4 28. axb4 b5 29. Na3 Bf8 30. Nb1 Ne6 31. Rxe6 fxe6 32. Qg4 Nd4 33. Bxd4
Rxd4 34. Qxg6+ Kh8 35. Be4 c4 36. Nd2 Qe7 37. Nf3 Rxe4 38. dxe4 Bg7 39. Qh5 e5
40. Nh4 Qg5 41. Ng6+ Kh7 42. Qxg5 hxg5 43. Ne7 Rd4 44. Nd5 g4 45. Nc3 Bh6 46.
Rc2 Rd2 47. Rxd2 Bxd2 48. Nxb5 Bxb4 49. Kg2 Kg6 50. h3 gxh3+ 51. Kxh3 c3
1/2-1/2

[Event "LYM - Maîtres vs Espoirs"]
[Site "Lausanne - Casino de Montbenon"]
[Date "2005.09.17"]
[Round "7"]
[White "Zawadska, Jolanta"]
[Black "Marcelin, Cyril"]
[Result "1/2-1/2"]
[WhiteElo "2402"]
[BlackElo "2481"]
[PlyCount "28"]
[EventDate "2005.09.14"]
[SourceDate "2005.09.14"]

1. e4 e6 2. d4 d5 3. Nc3 dxe4 4. Nxe4 Nd7 5. Nf3 Be7 6. Bd3 Ngf6 7. Qe2 c5 8.
dxc5 Nxe4 9. Bxe4 Nxc5 10. O-O Nxe4 11. Qxe4 O-O 12. Be3 Qc7 13. Rad1 Bd7 14.
Ne5 Be8 1/2-1/2

[Event "LYM - Maîtres vs Espoirs"]
[Site "Lausanne - Casino de Montbenon"]
[Date "2005.09.17"]
[Round "7"]
[White "Gheorghiu, Florin"]
[Black "Pinol, Fabrice"]
[Result "1/2-1/2"]
[WhiteElo "2394"]
[BlackElo "2257"]
[PlyCount "37"]
[EventDate "2005.09.14"]
[SourceDate "2005.09.14"]

1. c4 c6 2. Nf3 d5 3. d4 e6 4. Qc2 Nf6 5. g3 Be7 6. Bg2 O-O 7. O-O Nbd7 8. Bg5
h6 9. Bxf6 Nxf6 10. Nbd2 b6 11. Ne5 Bb7 12. Nd3 Nd7 13. Rfd1 Rc8 14. Rac1 Bf6
15. e3 c5 16. dxc5 Nxc5 17. Nxc5 Rxc5 18. Qb1 Qa8 19. cxd5 1/2-1/2

[Event "LYM - Maîtres vs Espoirs"]
[Site "Lausanne - Casino de Montbenon"]
[Date "2005.09.17"]
[Round "7"]
[White "Seps, Monika"]
[Black "Tukmakov, Vladimir"]
[Result "0-1"]
[WhiteElo "2173"]
[BlackElo "2559"]
[PlyCount "52"]
[EventDate "2005.09.14"]
[SourceDate "2005.09.14"]

1. e4 c5 2. Nf3 d6 3. d4 cxd4 4. Nxd4 Nf6 5. Nc3 a6 6. Rg1 Nc6 7. g4 e6 8. Be3
Qc7 9. Qe2 Nd7 10. O-O-O Be7 11. Kb1 Rb8 12. f4 b5 13. Nxc6 Qxc6 14. Bg2 Qc7
15. e5 dxe5 16. fxe5 O-O 17. Bf4 Nc5 18. g5 Bb7 19. Bxb7 Qxb7 20. Qh5 b4 21.
Ne2 Rfd8 22. Rdf1 g6 23. Qh4 b3 24. axb3 Nxb3 25. cxb3 Qxb3 26. Bc1 Rd2 0-1

[Event "LYM - Maîtres vs Espoirs"]
[Site "Lausanne - Casino de Montbenon"]
[Date "2005.09.17"]
[Round "7"]
[White "Kurmann, Olivier"]
[Black "Vuilleumier, Alexandre"]
[Result "0-1"]
[WhiteElo "2293"]
[BlackElo "2307"]
[PlyCount "60"]
[EventDate "2005.09.14"]
[SourceDate "2005.09.14"]

1. e4 g6 2. d4 Bg7 3. Nc3 c5 4. Nge2 cxd4 5. Nxd4 Nc6 6. Be3 Nf6 7. Bc4 O-O 8.
Bb3 a5 9. O-O a4 $11 10. Nxa4 Nxd4 11. Qxd4 Ng4 12. Qd2 Nxe3 13. Qxe3 b5 14.
Nb6 Ra6 15. Nxc8 Qxc8 16. e5 Qc7 17. Rfe1 b4 18. Qf4 Ra5 19. Qxb4 Bxe5 20. Qxe7
Bxh2+ 21. Kf1 Rf5 22. Re3 Be5 23. c3 Qb6 24. Rae1 d5 25. Rf3 Qb5+ 26. Kg1 Rxf3
27. gxf3 Re8 28. c4 dxc4 29. Bxc4 Bh2+ 30. Kxh2 Qh5+ 0-1

[Event "LYM - Maîtres vs Espoirs"]
[Site "Lausanne - Casino de Montbenon"]
[Date "2005.09.18"]
[Round "8"]
[White "Seps, Monika"]
[Black "Kurmann, Olivier"]
[Result "1/2-1/2"]
[WhiteElo "2173"]
[BlackElo "2293"]
[PlyCount "26"]
[EventDate "2005.09.14"]
[SourceDate "2005.09.14"]

1. e4 e6 2. d4 d5 3. Nc3 Nf6 4. Bg5 Bb4 5. e5 h6 6. Bd2 Bxc3 7. bxc3 Ne4 8. Qg4
g6 9. Bc1 c5 10. Bd3 Nxc3 11. dxc5 Qa5 12. Bd2 Qa4 13. h3 h5 1/2-1/2

[Event "LYM - Maîtres vs Espoirs"]
[Site "Lausanne - Casino de Montbenon"]
[Date "2005.09.18"]
[Round "8"]
[White "Tukmakov, Vladimir"]
[Black "Marcelin, Cyril"]
[Result "1/2-1/2"]
[WhiteElo "2559"]
[BlackElo "2481"]
[PlyCount "27"]
[EventDate "2005.09.14"]
[SourceDate "2005.09.14"]

1. d4 d5 2. c4 c6 3. Nf3 Nf6 4. e3 Bf5 5. Nc3 e6 6. Nh4 Bg6 7. Nxg6 hxg6 8. b3
Bb4 9. Bd2 Bxc3 10. Bxc3 Ne4 11. Qc2 Nxc3 12. Qxc3 Nd7 13. g3 a5 14. Bg2
1/2-1/2

[Event "LYM - Maîtres vs Espoirs"]
[Site "Lausanne - Casino de Montbenon"]
[Date "2005.09.18"]
[Round "8"]
[White "Pinol, Fabrice"]
[Black "Zawadska, Jolanta"]
[Result "1/2-1/2"]
[WhiteElo "2257"]
[BlackElo "2402"]
[PlyCount "68"]
[EventDate "2005.09.14"]
[SourceDate "2005.09.14"]

1. e4 c5 2. Nf3 d6 3. d4 cxd4 4. Nxd4 Nf6 5. Nc3 Nc6 6. Bg5 e6 7. Qd2 a6 8.
O-O-O Bd7 9. f3 h6 10. Be3 b5 11. Kb1 Ne5 12. Bd3 Qc7 13. g4 Nc4 14. Bxc4 Qxc4
15. h4 g6 16. Rhe1 b4 17. Nce2 e5 18. g5 hxg5 19. hxg5 Nh5 20. Nb3 Be6 21. Nbc1
Be7 22. b3 Qb5 23. Nd3 a5 24. f4 Rd8 25. c4 Qb7 26. Nf2 a4 27. Qc2 axb3 28.
axb3 Ra8 29. Bc1 Qa7 30. Bb2 Qxf2 31. fxe5 dxe5 32. Bxe5 Rg8 33. Bd4 Qh2 34. e5
Bf5 1/2-1/2

[Event "LYM - Maîtres vs Espoirs"]
[Site "Lausanne - Casino de Montbenon"]
[Date "2005.09.18"]
[Round "8"]
[White "Vuilleumier, Alexandre"]
[Black "Raetsky, Alexander"]
[Result "0-1"]
[WhiteElo "2307"]
[BlackElo "2453"]
[PlyCount "82"]
[EventDate "2005.09.14"]
[SourceDate "2005.09.14"]

1. e4 e5 2. Nf3 Nf6 3. Nxe5 d6 4. Nf3 Nxe4 5. Nc3 Nf6 6. d4 Be7 7. h3 O-O 8.
Bf4 Re8 9. Be2 c6 10. Qd2 b5 11. O-O Nbd7 12. Bd3 Nb6 13. Ne2 Be6 14. b3 Bd5
15. Ng3 Bxf3 16. gxf3 Nfd5 17. Bh6 Bf8 18. Bg5 f6 19. Be3 g6 20. c4 bxc4 21.
bxc4 Nxe3 22. fxe3 f5 23. f4 Bg7 24. Rae1 Rb8 25. Re2 c5 26. Rc1 cxd4 27. exd4
Bxd4+ 28. Kg2 Qf6 29. Rce1 Rxe2+ 30. Rxe2 Na4 31. Qe1 Nc5 32. Bc2 Rb7 33. Re8+
Kf7 34. Ra8 Re7 35. Qb4 Rb7 36. Qe1 Ne6 37. c5 Bxc5 38. Bb3 Re7 39. Qd2 Kg7 40.
Ne2 Kh6 41. Bd5 Qh4 0-1

[Event "LYM - Maîtres vs Espoirs"]
[Site "Lausanne - Casino de Montbenon"]
[Date "2005.09.19"]
[Round "9"]
[White "Zawadska, Jolanta"]
[Black "Burnier, David"]
[Result "1/2-1/2"]
[WhiteElo "2402"]
[BlackElo "2298"]
[PlyCount "20"]
[EventDate "2005.09.14"]
[SourceDate "2005.09.14"]

1. e4 e5 2. Nf3 Nc6 3. d4 exd4 4. Nxd4 Nf6 5. Nxc6 bxc6 6. e5 Qe7 7. Qe2 Nd5 8.
c4 Ba6 9. Qe4 Nf6 10. Qe2 Nd5 1/2-1/2

[Event "LYM - Maîtres vs Espoirs"]
[Site "Lausanne - Casino de Montbenon"]
[Date "2005.09.19"]
[Round "9"]
[White "Gheorhiu, Florin"]
[Black "Vuilleumier, Alexandre"]
[Result "1/2-1/2"]
[WhiteElo "2394"]
[BlackElo "2307"]
[PlyCount "24"]
[EventDate "2005.09.14"]
[SourceDate "2005.09.14"]

1. d4 d5 2. c4 e6 3. Nf3 Nf6 4. Nc3 Be7 5. Bg5 h6 6. Bh4 O-O 7. e3 b6 8. cxd5
Nxd5 9. Bxe7 Qxe7 10. Nxd5 exd5 11. Rc1 Be6 12. Qa4 c5 1/2-1/2

[Event "LYM - Maîtres vs Espoirs"]
[Site "Lausanne - Casino de Montbenon"]
[Date "2005.09.19"]
[Round "9"]
[White "Kurmann, Olivier"]
[Black "Tukmakov, Vladimir"]
[Result "1/2-1/2"]
[WhiteElo "2293"]
[BlackElo "2559"]
[PlyCount "28"]
[EventDate "2005.09.14"]
[SourceDate "2005.09.14"]

1. e4 c5 2. Nf3 d6 3. d4 cxd4 4. Nxd4 Nf6 5. Nc3 a6 6. f3 e6 7. Be3 b5 8. g4 h6
9. Qd2 b4 10. Nce2 e5 11. Nb3 a5 12. c4 Be6 13. Ng3 g6 14. Be2 Nc6 1/2-1/2

[Event "LYM - Maîtres vs Espoirs"]
[Site "Lausanne - Casino de Montbenon"]
[Date "2005.09.19"]
[Round "9"]
[White "Marcelin, Cyril"]
[Black "Pinol, Fabrice"]
[Result "1-0"]
[WhiteElo "2481"]
[BlackElo "2257"]
[PlyCount "83"]
[EventDate "2005.09.14"]
[SourceDate "2005.09.14"]

1. e4 c5 2. Nf3 e6 3. b3 b6 4. d4 cxd4 5. Nxd4 Bb7 6. Bd3 a6 7. Bb2 d6 8. O-O
Nf6 9. Qe2 Be7 10. Nd2 O-O 11. f4 Nc6 12. Nxc6 Bxc6 13. e5 dxe5 14. fxe5 Nd5
15. Ne4 b5 16. Kh1 g6 17. a3 Qb6 18. Rf3 Rad8 19. Raf1 Nc7 20. Nf6+ Bxf6 21.
Rxf6 Rd7 22. h4 Ne8 23. R6f4 Ng7 24. Kh2 Qd8 25. Kh3 Kh8 26. g4 Qe7 27. Qf2 Kg8
28. Bd4 Rc8 29. b4 h5 30. Bc5 hxg4+ 31. Kxg4 Qe8 32. Kh3 Nh5 33. Rg4 Kh7 34.
Rg5 Ng7 35. h5 Nf5 36. Rfg1 Qh8 37. Bxf5 gxf5 38. Qg3 f6 39. Rg6 Qe8 40. Qf4
Kh8 41. exf6 e5 42. Rh6+ 1-0

[Event "LYM - Maîtres vs Espoirs"]
[Site "Lausanne - Casino de Montbenon"]
[Date "2005.09.19"]
[Round "9"]
[White "Raetsky, Alexander"]
[Black "Seps, Monika"]
[Result "1-0"]
[WhiteElo "2453"]
[BlackElo "2173"]
[PlyCount "45"]
[EventDate "2005.09.14"]
[SourceDate "2005.09.14"]

1. d4 Nf6 2. c4 e6 3. g3 Bb4+ 4. Nd2 d5 5. Bg2 O-O 6. Ngf3 b6 7. O-O Bb7 8.
cxd5 exd5 9. Qc2 Nbd7 10. a3 Be7 11. b4 c5 12. bxc5 bxc5 13. Rb1 Ba6 14. Re1
cxd4 15. Nxd4 Rc8 16. Nc6 Ne5 17. Nxe7+ Qxe7 18. Qd1 Rfe8 19. Bb2 Neg4 20. Qa4
Bc4 21. Bd4 Ne4 22. Bxe4 dxe4 23. Nxc4 1-0